Normal view
MARC view
- East and West.
Entry Topical Term
001 - CONTROL NUMBER
- control field: 10370
003 - CONTROL NUMBER IDENTIFIER
- control field: NUST
005 - DATE AND TIME OF LATEST TRANSACTION
- control field: 20180521055001.0
008 - FIXED-LENGTH DATA ELEMENTS
- fixed length control field: 180521|| aca||aabn | a|a d
040 ## - CATALOGING SOURCE
- Original cataloging agency: NUST
- Transcribing agency: NUST
150 ## - HEADING--TOPICAL TERM
- Topical term or geographic name entry element: East and West.
670 ## - SOURCE DATA FOUND
- Source citation: Work cat.: (NUST)232854: Zakaria, Fareed. 10368, The post-American world /, 2008
